Fond veřejného zdravotního pojištění jako součást soustavy veřejných rozpočtů
Vznik a fungovanie zdravotného poistenia v Českej republike. Zmena organizačnej a inštitucionálnej štruktúry. Zmena financovania starostlivosti o zdravie. Nový spôsob úhrady. Tvorba poistného fondu. Zdravotné poistenie ako zdroj financovania zdravotnej starostlivosti. Hospodárenie systému verejné...
Saved in:
| Main Author: | |
|---|---|
| Format: | Book Chapter |
| Language: | Czech |
| Subjects: | |
| Tags: |
No Tags, Be the first to tag this record!
|
MARC
| LEADER | 00000naa$a2200000$$$4500 | ||
|---|---|---|---|
| 001 | 0001849 | ||
| 005 | 20231003120028.4 | ||
| 041 | 0 | |a cze | |
| 044 | |a CZ | ||
| 245 | 1 | 0 | |a Fond veřejného zdravotního pojištění jako součást soustavy veřejných rozpočtů |c aut. Ivan Malý |
| 520 | |a Vznik a fungovanie zdravotného poistenia v Českej republike. Zmena organizačnej a inštitucionálnej štruktúry. Zmena financovania starostlivosti o zdravie. Nový spôsob úhrady. Tvorba poistného fondu. Zdravotné poistenie ako zdroj financovania zdravotnej starostlivosti. Hospodárenie systému verejného zdravotného poistenia. Perspektíva z pohľadu reformy verejných financií. | ||
| 610 | 2 | 0 | |a financie verejné |
| 610 | 2 | 0 | |a poistenie zdravotné |
| 610 | 2 | 0 | |a Česko |
| 610 | 2 | 0 | |a história |
| 610 | 2 | 0 | |a reformy sociálne |
| 610 | 2 | 0 | |a reformy štruktúrne |
| 610 | 2 | 0 | |a starostlivosť o zdravie |
| 100 | 1 | |a Malý, Ivan | |